Devine le film avec 2 mots - Statistiques

Statistiques générales
  • Ce quiz a été pris 2 795 fois
    2 625 depuis la dernière actualisation
  • Le résultat moyen est 15 sur 20
Statistiques - réponses
Indice Nom du film % Correct
iceberg, bateau Titanic
100%
lion, phacochère Le Roi Lion
97%
jedi, guerre Star Wars
96%
jouet, cowboy Toy Story
90%
château, sorcier Harry Potter
89%
anneaux, hobbit Le Seigneur des Anneaux
89%
requin, mer Les Dents de la mer
88%
ogre, âne Shrek
87%
dinosaure, park Jurassic Park
85%
voiture, course Fast and Furious
84%
pirate, trésor Pirates des Caraïbes
78%
professeur, futur Retour Vers le Futur
78%
boxe, pauvre Rocky
74%
véhicules, robot Transformers
70%
danse, amoureux Dirty Dancing
69%
aventurier, aventure Indiana Jones
69%
mafia, gangsters Le Parrain
65%
téléphone, maison E.T L’extraterrestre
59%
handicapé, regard Intouchables
54%
sourire, méchant The Dark Knight
9%
Aucun quiz correspondant
Distribution des résultats
% des personnes avec chaque résultat
Percentile par nombre de réponses
Votre historique - résultats
Vous n’avez pas pris ce quiz depuis la dernière actualisation